Modern title and condition deeds in Scotland and their effectiveness in securing common repairs (Record no. 109595)

MARC details
000 -LEADER
fixed length control field 01398cad a22002655a 4500
001 - CONTROL NUMBER
control field L147512
008 - FIXED-LENGTH DATA ELEMENTS--GENERAL INFORMATION
fixed length control field 090519s2003 xxk f s s000 0 eng d
020 ## - INTERNATIONAL STANDARD BOOK NUMBER
International Standard Book Number 0755935187
022 1# - INTERNATIONAL STANDARD SERIAL NUMBER
International Standard Serial Number 0950-2254
035 ## - SYSTEM CONTROL NUMBER
System control number (Sirsi) u147512
041 0# - LANGUAGE CODE
Language code of text/sound track or separate title eng
050 04 - LIBRARY OF CONGRESS CALL NUMBER
Classification number 331.2 $2 18
100 1# - MAIN ENTRY--PERSONAL NAME
Personal name Flint, Ann
245 00 - TITLE STATEMENT
Title Modern title and condition deeds in Scotland and their effectiveness in securing common repairs
Medium [electronic resource]
260 ## - PUBLICATION, DISTRIBUTION, ETC.
Place of publication, distribution, etc. [Edinburgh]
Name of publisher, distributor, etc. Scottish Executive Social Research
Date of publication, distribution, etc. 2003
505 2# - FORMATTED CONTENTS NOTE
Formatted contents note Summary -- The purpose of this study -- Methodology -- Survey of title deeds -- Benchmarking against best practice -- Owners views -- Developers' views and practices -- Legal opinion -- Conclusions and recommendations -- Appendices
520 ## - SUMMARY, ETC.
Summary, etc. Examines whether title deeds for recently-built properties deal more adequately with the management of repairs and maintenance than those for older tenements, which can cause problems. Finds that deeds of conditions are improving and becoming more comprehensive over time.
521 ## - TARGET AUDIENCE NOTE
Target audience note Advanced
651 #4 - SUBJECT ADDED ENTRY--GEOGRAPHIC NAME
Geographic name Scotland
Chronological subdivision 1999-
690 ## - LOCAL SUBJECT ADDED ENTRY--TOPICAL TERM (OCLC, RLIN)
Topical term or geographic name as entry element PROPERTY-RESIDENTIAL PROPERTY-DOMESTIC RESIDENTIAL PROPERTY-HOUSING-FLATS
700 1# - ADDED ENTRY--PERSONAL NAME
Personal name Barrowman, James
700 1# - ADDED ENTRY--PERSONAL NAME
Personal name O'Carroll, Derek
856 40 - ELECTRONIC LOCATION AND ACCESS
Uniform Resource Identifier <a href="https://www.scotland.gov.uk/Publications/2003/03/16620/19272">https://www.scotland.gov.uk/Publications/2003/03/16620/19272</a>
Public note View the report free of charge at www.scotland.gov.uk...
942 ## - ADDED ENTRY ELEMENTS (KOHA)
Suppress in OPAC 0
Holdings
Withdrawn status Lost status Source of classification or shelving scheme Damaged status Not for loan Home library Current library Shelving location Date acquired Total Checkouts Full call number Barcode Date last seen Copy number Price effective from Koha item type
    Dewey Decimal Classification     Virtual Virtual Online 19/05/2009   ONLINE PUBLICATION 147512-2001 06/08/2019 1 06/08/2019 Book